| 000 | 00653nam a2200205 a 4500 | ||
|---|---|---|---|
| 005 | 20140310183454.0 | ||
| 008 | 090803s19uu xx 00 eng d | ||
| 020 | _a978-1422121-085 | ||
| 050 |
_aHD 30.255 _b.H37 2007 |
||
| 100 | _aHarvard Business | ||
| 245 | _aHarvard business review on green business strategy./ | ||
| 260 |
_aBoston : _bHarvard Business School Press, _c2007. |
||
| 300 |
_a213 p. : _c21 cm. |
||
| 521 | _aBSBA | ||
| 650 |
_aIndustrial management _xEnvironmental aspects. |
||
| 650 |
_aBusiness enterprises _xEnvironmental aspects. |
||
| 650 | _aSocial responsibility of business. | ||
| 942 |
_cBK _2lcc _kFOR |
||
| 999 |
_c23553 _d23553 |
||